| 000 | 00800cam a22002533a 4500 | ||
|---|---|---|---|
| 001 | 24648 | ||
| 003 | PGUSA | ||
| 005 | 20140828083530.0 | ||
| 008 | 080219s2008||||xxu|||||s|||||000 | eng d | ||
| 040 |
_aPGUSA _beng |
||
| 042 | _adc | ||
| 050 | 4 | _aQH | |
| 100 | 1 |
_aBowen, Francis, _d1811-1890 |
|
| 245 | 1 | 2 |
_aA Theory of Creation : _bA Review of 'Vestiges of the Natural History of Creation' _h[electronic resource] / _cFrancis Bowen |
| 260 |
_bProject Gutenberg, _c2008 |
||
| 506 | _aPublic domain in the USA. | ||
| 516 | _aElectronic text | ||
| 653 | _aCreation | ||
| 653 | _aChambers, Robert, 1802-1871. Vestiges of the natural history of creation | ||
| 653 | _aEvolution (Biology) | ||
| 830 | 0 |
_aProject Gutenberg _v24648 |
|
| 856 | 4 | 0 | _uhttp://www.gutenberg.org/ebooks/24648 |
| 942 | _cEB | ||
| 999 |
_c253903 _d253903 |
||